Tiếng anh nói từ doanh nghiệp tập I

Enregistré dans:
Détails bibliographiques
Auteur principal: Ngô Văn Hải
Format: Livre
Langue:Vietnamese
Publié: TN 1999
Tags: Ajouter un tag
Pas de tags, Soyez le premier à ajouter un tag!
Thư viện lưu trữ: Mạng thư viện Đại học Đà Nẵng
LEADER 00627nam a2200277 4500
001 000026007
003 1545
005 20150325120000.0
008 150325s vm 000 vie
020 |c 0,0000 
040 |a NOTTS 
100 |a Ngô Văn Hải 
245 |a Tiếng anh nói từ doanh nghiệp tập I 
260 |b TN  |c 1999 
300 |a 487tr. ; 
OWN |a LTT 
999 |a From the UDN01 
TYP |a Monograph 
TYP |a Printed language 
980 |a Mạng thư viện Đại học Đà Nẵng